Property (Record no. 76898)
[ view plain ]
| 000 -LEADER | |
|---|---|
| fixed length control field | 00618cab a2200205 4500 |
| 001 - CONTROL NUMBER | |
| control field | ##L133272 |
| 008 - FIXED-LENGTH DATA ELEMENTS--GENERAL INFORMATION | |
| fixed length control field | 060425n2006 000 0 eng u |
| 035 ## - SYSTEM CONTROL NUMBER | |
| System control number | (Sirsi) u133272 |
| 041 0# - LANGUAGE CODE | |
| Language code of text/sound track or separate title | eng |
| 100 1# - MAIN ENTRY--PERSONAL NAME | |
| Personal name | Swerling, Leon |
| 245 00 - TITLE STATEMENT | |
| Title | Property |
| Remainder of title | adverse possession |
| -- | the new law transitions provisions |
| 260 ## - PUBLICATION, DISTRIBUTION, ETC. | |
| Date of publication, distribution, etc. | 2006 |
| 490 #0 - SERIES STATEMENT | |
| Series statement | EMIS Property Service |
| Volume/sequential designation | 4(4) April 2006, 3-4(2) |
| 520 ## - SUMMARY, ETC. | |
| Summary, etc. | Briefly summarises various regimes of adverse possession. |
| 590 ## - LOCAL NOTE (RLIN) | |
| Local note | IKA090506 |
| 650 24 - SUBJECT ADDED ENTRY--TOPICAL TERM | |
| Topical term or geographic name entry element | PYE V GRAHAM |
| 690 ## - LOCAL SUBJECT ADDED ENTRY--TOPICAL TERM (OCLC, RLIN) | |
| Topical term or geographic name as entry element | PROPERTY-PROPERTY ACQUISITION AND DISPOSAL |
| 700 1# - ADDED ENTRY--PERSONAL NAME | |
| Personal name | Kilcoyne, Desmond |
| 942 ## - ADDED ENTRY ELEMENTS (KOHA) | |
| Suppress in OPAC | 0 |
| Withdrawn status | Lost status | Source of classification or shelving scheme | Damaged status | Not for loan | Home library | Current library | Shelving location | Date acquired | Total Checkouts | Full call number | Barcode | Date last seen | Copy number | Price effective from | Koha item type |
|---|---|---|---|---|---|---|---|---|---|---|---|---|---|---|---|
| Dewey Decimal Classification | London | London | Journal article | 25/04/2006 | L133272 | 133272-1001 | 06/08/2019 | 1 | 06/08/2019 | Journal article |